000 00956cam a2200289 4500
001 sa 68020633
003 DLC
005 20260227112726.0
008 740916s1962 ii a b 001 0 eng
010 _asa 68020633
025 _aPL480:I-E-7140
040 _aDLC
_cDLC
_dDLC
043 _aa-ii---
050 0 0 _aQK495.A815
_bS26
082 0 0 _a583/.72
100 1 _aSantapau, H.
245 1 4 _aThe Asclepiadaceae & Periplocaceae of Bombay,
_cby H. Santapau & N. A. Irani.
260 _a[Bombay,
_bUniversity of Bombay]
_c1960 (i.e. 1962)
300 _a118 p.
_billus.
_c25 cm.
490 1 _aUniversity of Bombay botanical memoirs, no. 4
500 _aImprint on mounted label: P. C. Manaktala, Bombay.
504 _aBibliography: p. 101-103.
650 0 _aAsclepiadaceae.
650 0 _aBotany
_zIndia
_zBombay (State)
700 1 _aIrani, N. A.,
_ejoint author.
810 2 _aUniversity of Bombay.
_tUniversity of Bombay botanical memoirs,
_vno. 4.
999 _c89534
_d89534